| 000 | 00686nam a2200217 a 4500 | ||
|---|---|---|---|
| 001 | 28294 | ||
| 005 | 20180713231142.0 | ||
| 008 | 140415s2000 mx 000 0 spa d | ||
| 020 | _a9684101188 | ||
| 041 | _aspa | ||
| 082 |
_a658.812 _bCOB |
||
| 100 | 1 | _aCOBRA,MARCOS | |
| 245 | 1 | 0 | _aMARKETING DE SERVICIOS |
| 250 | _a2° EDICIÓN | ||
| 260 |
_aMEXICO : _bMC GRAW HILL, _c2000 |
||
| 300 |
_a255 _c15 x 2 x 22 |
||
| 520 | _aESTA OBRA PRESENTA UN PANORAMA GLOBLA DEL SECTOR DE SERVICIOS EN LAS AREAS DE TURISMO, FINZNAS, SALUD Y COMUNICACION. | ||
| 650 | 1 | 4 | _aSERVICIOS AL CLIENTE |
| 700 | 1 |
_aVILLAMIZAR NARVAZ, ALBERTO _etr. |
|
| 740 | _aMARKETING DE SERVICIOS | ||
| 999 |
_c28294 _d28294 |
||